[Event "Bad Lauterberg"]
[Site "Bad Lauterberg"]
[Date "1977.??.??"]
[Round "11"]
[White "Huebner, Robert"]
[Black "Timman, Jan H"]
[Result "0-1"]
[WhiteElo "2600"]
[BlackElo "2590"]

1.c4 Nf6 2.Nc3 g6 3.e4 d6 4.d4 Bg7 5.f3 O-O 6.Be3 a6 7.Bd3 c5 8.dxc5 dxc5
9.e5 Nfd7 10.f4 Nc6 11.Be4 f6 12.exf6 Nxf6 13.Bxc6 bxc6 14.Qxd8 Rxd8 15.Rc1 e5
16.Nge2 exf4 17.Bxf4 Nh5 18.Bg5 Rf8 19.Rf1 Re8 20.Kf2 Bg4 21.Rce1 Re5 22.Bd2 Rd8
23.Bc1 Rf8+ 24.Kg1 Rfe8 25.Kf2 Rf5+ 26.Kg1 Rfe5 27.Kf2 R5e6 28.h3 Bxe2 29.Nxe2 Bf6
30.Bd2 Bh4+ 31.g3 Rxe2+ 32.Rxe2 Rxe2+ 33.Kxe2 Nxg3+ 34.Kf2 Nxf1+ 35.Kxf1 Kf7
36.Ke2 Ke6 37.Kf3 Kf5 38.b3 Be7 39.Bf4 g5 40.Bh2 h5 41.Bc7 Bf8 42.Bb8 Be7
43.Bc7 Bf8 44.Bd8 Bd6 45.Bb6 g4+ 46.hxg4+ hxg4+ 47.Ke3 Bh2 48.Kf2 Ke4 49.Bxc5 Be5
50.Ke2 g3  0-1

[Event "Bad Lauterberg"]
[Site "Bad Lauterberg"]
[Date "1977.??.??"]
[Round "12"]
[White "Timman, Jan H"]
[Black "Torre, Eugenio"]
[Result "1-0"]
[WhiteElo "2590"]
[BlackElo "2550"]

1.e4 c5 2.Nf3 e6 3.Nc3 a6 4.g3 b5 5.Bg2 Bb7 6.d3 d6 7.O-O Nd7 8.Bf4 Be7 9.e5 dxe5
10.Nxe5 Bxg2 11.Kxg2 Nxe5 12.Bxe5 Nf6 13.Qf3 O-O 14.a4 b4 15.Nd1 Nd7 16.Re1 Rc8
17.Rc1 Qa5 18.b3 c4 19.Bf4 cxd3 20.cxd3 Rxc1 21.Bxc1 Rd8 22.Bb2 Bf6 23.Bxf6 Nxf6
24.Nb2 Qc7 25.Nc4 Rd5 26.Re5 Kf8 27.Rxd5 exd5 28.Ne3 Qe5 29.Ng4 Nxg4 30.Qxg4 Qd6
31.Qd4 h5 32.a5 g6 33.Kf3 Ke7 34.Ke3 Ke6 35.f4 f6 36.Qb6 Qxb6+ 37.axb6 Kd6
38.Kd4 a5 39.b7 Kc7 40.Kc5 a4 41.Kxb4 axb3 42.Kxb3  1-0

[Event "Bad Lauterberg"]
[Site "Bad Lauterberg"]
[Date "1977.??.??"]
[Round "14"]
[White "Timman, Jan H"]
[Black "Sosonko, Gennadi"]
[Result "1/2-1/2"]
[WhiteElo "2590"]
[BlackElo "2530"]

1.Nf3 Nf6 2.g3 b6 3.b3 Bb7 4.Bg2 g6 5.Bb2 Bg7 6.O-O c5 7.c4 O-O 8.Nc3 Ne4
9.Qc2 Nxc3 10.Bxc3 Bxc3 11.Qxc3 Nc6 12.d4 Nxd4 13.Nxd4 cxd4 14.Qxd4 Bxg2
15.Kxg2  1/2-1/2

[Event "Tilburg"]
[Site "Tilburg"]
[Date "1977.??.??"]
[Round "1"]
[White "Karpov, Anatoly"]
[Black "Timman, Jan H"]
[Result "1/2-1/2"]
[WhiteElo "2690"]
[BlackElo "2590"]

1.e4 d6 2.d4 Nf6 3.Nc3 g6 4.Nf3 Bg7 5.Be2 O-O 6.O-O Bg4 7.Be3 Nc6 8.Qd2 e5
9.d5 Ne7 10.Rad1 Bd7 11.Ne1 Ng4 12.Bxg4 Bxg4 13.f3 Bd7 14.f4 Bg4 15.Rb1 c6
16.h3 Bd7 17.fxe5 dxe5 18.d6 Nc8 19.Rd1 Nb6 20.b3 Be6 21.Ne2 Nd7 22.Nf3 f6
23.c4 Kh8 24.Kh1 Bg8 25.Ng3 c5 26.Bh6  1/2-1/2

[Event "Tilburg"]
[Site "Tilburg"]
[Date "1977.??.??"]
[Round "7"]
[White "Smyslov, Vassily"]
[Black "Timman, Jan H"]
[Result "1/2-1/2"]
[WhiteElo "2595"]
[BlackElo "2590"]

1.e4 c5 2.Nf3 Nc6 3.d4 cxd4 4.Nxd4 Nf6 5.Nc3 d6 6.Be2 e5 7.Nf3 h6 8.O-O Be7
9.b3 O-O 10.Bb2 a6 11.Nd2 Nd4 12.Bd3 b5 13.Re1 Bb7 14.Ne2 Ne6 15.Ng3 g6 16.c4 Qb6
17.Ngf1 Nc5 18.Bc2 a5 19.Qe2 bxc4 20.Nxc4 Qa7 21.Nfd2 Nh5 22.g3 Ng7 23.Rad1 Nge6
24.Nf3 Rad8 25.Qd2 Kh7 26.Qxa5 Qb8 27.b4 Nd7 28.Ne3 Rc8 29.Bb1 Nf6 30.Nd5 Nxd5
31.exd5 Bd8 32.Qa3 Nc7 33.b5 Nxb5 34.Qb4 Rc5 35.Nxe5 Qc8 36.Nxg6 fxg6 37.Bxg6+ Kg8
38.Qe4 Qd7 39.Re3 Nc7 40.Rf3 Rxf3 41.Qxf3 Rxd5 42.Rc1 Rb5 43.Qc3 Re5 44.Qb4 Nd5
45.Qb3 Re2 46.Bh5 Rd2 47.Bc3 Rxf2 48.Kxf2 Bb6+ 49.Ke1 Qf5 50.Be2 Kf8 51.Bd2 Qf2+
52.Kd1 Ne3+ 53.Bxe3 Bxe3 54.Qd3 Qg1+ 55.Bf1 Bxc1 56.Kxc1 Bg2 57.Qxd6+ Kg7
58.Qe7+ Kg8 59.Qd8+ Kf7 60.Qd7+  1/2-1/2

[Event "Amsterdam zt"]
[Site "Amsterdam"]
[Date "1978.??.??"]
[Round "1"]
[White "Timman, Jan H"]
[Black "Roos, Louis"]
[Result "1-0"]
[WhiteElo "2585"]
[BlackElo "2200"]

1.d4 Nf6 2.c4 g6 3.Nc3 d5 4.Nf3 Bg7 5.cxd5 Nxd5 6.e4 Nxc3 7.bxc3 O-O 8.Be2 c5
9.O-O Qc7 10.Be3 Rd8 11.d5 Nd7 12.Qc2 b6 13.Rac1 Nf6 14.c4 Bg4 15.h3 Bxf3
16.Bxf3 Rac8 17.g3 e5 18.Bg2 Ne8 19.f4 Nd6 20.f5 Ne8 21.h4 Rd6 22.Bh3 Rcd8
23.Rf3 Qe7 24.Rcf1 Nc7 25.Qf2 f6 26.fxg6 hxg6 27.h5 gxh5 28.Rf5 Kf7 29.Rxh5 Rh8
30.Rxh8 Bxh8 31.Bf5 Qf8 32.Kg2 Bg7 33.Rh1 Ke8 34.Rh7 Kd8 35.Bg4  1-0

[Event "IBM"]
[Site "Amsterdam"]
[Date "1978.??.??"]
[Round "2"]
[White "Pfleger, Helmut"]
[Black "Timman, Jan H"]
[Result "0-1"]
[WhiteElo "2530"]
[BlackElo "2585"]

1.c4 Nf6 2.Nc3 e6 3.Nf3 Bb4 4.g3 O-O 5.Bg2 d5 6.cxd5 exd5 7.a3 Be7 8.d4 c6
9.O-O Bf5 10.h3 Ne4 11.Ne5 Nd7 12.Nd3 Re8 13.g4 Bg6 14.Nf4 Bd6 15.Nxg6 hxg6
16.Nxe4 dxe4 17.Qb3 Nb6 18.f4 Qe7 19.f5 gxf5 20.Bf4 Rad8 21.gxf5 Bxf4 22.Rxf4 Rxd4
23.f6 Qc5 24.Kh1 e3 25.Rxd4 Qxd4 26.fxg7 Qc4 27.Qxc4 Nxc4 28.Rd1 Nd2 29.Rc1 Kxg7
30.Kh2 Kf6 31.Rc3 Kf5 32.b4 Re7 33.a4 Kf4 34.b5 cxb5 35.axb5 f5 36.Ra3 b6
37.Bc6 Rg7 38.Ra1 Ke5 39.h4 f4 40.Kh3 Nb3 41.Ra2  0-1

[Event "Amsterdam zt"]
[Site "Amsterdam"]
[Date "1978.??.??"]
[Round "2"]
[White "Keogh, Eamon"]
[Black "Timman, Jan H"]
[Result "0-1"]
[WhiteElo "2200"]
[BlackElo "2585"]

1.e4 c5 2.f4 g6 3.Nf3 Bg7 4.d3 Nc6 5.c3 d6 6.Be2 Nf6 7.Nbd2 O-O 8.Qc2 b5
9.Nf1 b4 10.Ne3 Rb8 11.O-O bxc3 12.bxc3 Ba6 13.Bb2 Nd7 14.Rab1 Qa5 15.Ba1 Nb6
16.Nd2 Qa4 17.Bd1 Qxc2 18.Bxc2 f5 19.Rf3 e6 20.Re1 Rbd8 21.Nb3 Na4 22.Nd1 Nb6
23.d4 cxd4 24.Nxd4 Nxd4 25.cxd4 Rc8 26.Bb3 Bc4 27.e5 Rfd8 28.Nc3 dxe5 29.dxe5 Bf8
30.h3 Rd2 31.Kh2 Bb4 32.Rc1 Bxb3 33.axb3 Nd5 34.Kg3 Rc7 35.Kh2 Bxc3 36.Bxc3 Re2
37.Re1 Re4 38.Ba5 Rc5 39.b4 Rxa5  0-1

[Event "IBM"]
[Site "Amsterdam"]
[Date "1978.??.??"]
[Round "3"]
[White "Timman, Jan H"]
[Black "Browne, Walter S"]
[Result "1-0"]
[WhiteElo "2585"]
[BlackElo "2550"]

1.d4 Nf6 2.c4 e6 3.Nf3 b6 4.g3 Bb7 5.Bg2 Be7 6.O-O O-O 7.Nc3 Ne4 8.Qc2 Nxc3
9.Qxc3 c5 10.Rd1 d6 11.b3 Bf6 12.Bb2 Qe7 13.Qc2 Nc6 14.e4 e5 15.d5 Nd4 16.Bxd4 exd4
17.Qd3 Rae8 18.Re1 Bc8 19.h4 g6 20.Qf1 Bg7 21.Bh3 Qf6 22.Nd2 Bxh3 23.Qxh3 d3
24.Qf1 Qc3 25.Rad1 Qc2 26.Nf3 Bc3 27.Re3 d2 28.Qe2 Re7 29.Nxd2 Rfe8 30.Kf1 Bg7
31.a4 h6 32.Re1 Bc3 33.Nf3 Qxe2+ 34.R1xe2 Bd4 35.Nxd4 cxd4 36.Rd3 Rxe4 37.Rxe4 Rxe4
38.f3 Re7 39.Kf2 Kf8 40.Rxd4 f5 41.Rd3 a5 42.Re3 f4 43.gxf4 Rxe3 44.Kxe3 Kf7
45.Kd4 Kf6 46.Kc3 Kf5 47.b4 axb4+ 48.Kxb4 Kxf4 49.Kb5 g5 50.hxg5 hxg5 51.a5 bxa5
52.c5  1-0

[Event "Amsterdam zt"]
[Site "Amsterdam"]
[Date "1978.??.??"]
[Round "4"]
[White "Ligterink, Gert"]
[Black "Timman, Jan H"]
[Result "0-1"]
[WhiteElo "2440"]
[BlackElo "2585"]

1.e4 e5 2.Nf3 Nc6 3.Bb5 a6 4.Ba4 Nf6 5.O-O Be7 6.Re1 b5 7.Bb3 d6 8.c3 O-O
9.d4 Bg4 10.d5 Na5 11.Bc2 c6 12.h3 Bc8 13.dxc6 Qc7 14.Nbd2 Qxc6 15.Nf1 Be6
16.Ng3 g6 17.Bh6 Rfc8 18.Ng5 Bf8 19.Bxf8 Rxf8 20.Qc1 Bd7 21.Nf3 Kg7 22.Nf5+ Bxf5
23.exf5 Nc4 24.a4 Nb6 25.fxg6 hxg6 26.Nh4 Nh7 27.f4 Qc5+ 28.Kh1 f5 29.fxe5 dxe5
30.axb5 axb5 31.Rxa8 Rxa8 32.Nf3 Re8 33.Qa1 Nc4 34.Bb3 Nf6 35.Bxc4 bxc4 36.Qa4 Re7
37.Rd1 e4 38.Nd4 e3 39.Qa6 Ne4 40.Re1 Nf2+ 41.Kg1 Qe5 42.Re2  0-1

[Event "IBM"]
[Site "Amsterdam"]
[Date "1978.??.??"]
[Round "5"]
[White "Timman, Jan H"]
[Black "Nikolac, Juraj"]
[Result "1-0"]
[WhiteElo "2585"]
[BlackElo "2495"]

1.d4 d5 2.c4 e6 3.Nc3 Nf6 4.Bg5 Nbd7 5.cxd5 exd5 6.e3 Be7 7.Bd3 Nf8 8.Qc2 Ne6
9.Bh4 g6 10.Nf3 Ng7 11.b4 a6 12.O-O O-O 13.a4 Nf5 14.Bg5 Be6 15.b5 a5 16.Ne2 Ng7
17.Rfc1 Rc8 18.Ne5 Bf5 19.Nf4 Qd6 20.Qb3 Rfd8 21.Bxf5 Nxf5 22.Nc6 Rd7 23.Nxa5 Rb8
24.Bxf6 Bxf6 25.Nd3 Re7 26.Qb4 Qd8 27.Nb3 Bg5 28.Rc2 Qf8 29.Nd2 Qh6 30.Nf1 Qh4
31.Qb3 Rd8 32.a5 Qg4 33.h3 Qh5 34.a6 bxa6 35.bxa6 Bf6 36.Nf4 Qg5 37.Nxd5  1-0

[Event "Amsterdam zt"]
[Site "Amsterdam"]
[Date "1978.??.??"]
[Round "5"]
[White "Timman, Jan H"]
[Black "Sanz Alonso, Francisco Javier"]
[Result "1-0"]
[WhiteElo "2585"]
[BlackElo "2330"]

1.d4 Nf6 2.c4 e6 3.Nf3 b6 4.g3 Bb7 5.Bg2 Be7 6.O-O O-O 7.Nc3 Ne4 8.Qc2 Nxc3
9.Qxc3 c5 10.Rd1 d6 11.b3 Bf6 12.Bb2 Qe7 13.Rd2 Nc6 14.Qe3 e5 15.dxe5 dxe5
16.Nxe5 Nxe5 17.Bxb7 Qxb7 18.Bxe5 Rae8 19.f4 Bxe5 20.fxe5 f6 21.Rd5 Qc7 22.Rad1 Rxe5
23.Rxe5 fxe5 24.Qe4 Re8 25.Qg4 Re7 26.Qf5 Qc6 27.Rd8+ Re8 28.Qd7 Qxd7 29.Rxd7 a6
30.Rd6 Rb8 31.Re6 b5 32.Rxe5 bxc4 33.bxc4 Rb2 34.Kf2 Rxa2 35.Rxc5 Kf7 36.Ke3 a5
37.Rc7+ Kf6 38.c5 h5 39.Ra7 a4 40.h4 Rc2 41.Kd4 Rd2+ 42.Kc4 Rc2+ 43.Kd5 Rxe2
44.Kc6 Ra2 45.Ra6 Ke5 46.Kd7 a3 47.c6 Rd2+ 48.Ke7 a2 49.c7 Rc2 50.Kd7 Rd2+
51.Ke7 Rc2 52.Ra5+ Ke4 53.Kd7 Rd2+ 54.Ke6 Rc2 55.Rxa2 Rxc7 56.Ra5 g6 57.Re5+ Kd4
58.Kf6  1-0

[Event "Amsterdam zt"]
[Site "Amsterdam"]
[Date "1978.??.??"]
[Round "8"]
[White "Langeweg, Kick"]
[Black "Timman, Jan H"]
[Result "1/2-1/2"]
[WhiteElo "2450"]
[BlackElo "2585"]

1.d4 Nf6 2.c4 g6 3.Nc3 d5 4.Bf4 Bg7 5.e3 O-O 6.Rc1 c5 7.dxc5 Be6 8.Nf3 Nc6
9.Be2 Qa5 10.O-O Rad8 11.Qa4 Qxa4 12.Nxa4 Ne4 13.Ng5  1/2-1/2

[Event "IBM"]
[Site "Amsterdam"]
[Date "1978.??.??"]
[Round "8"]
[White "Timman, Jan H"]
[Black "Ljubojevic, Ljubomir"]
[Result "0-1"]
[WhiteElo "2585"]
[BlackElo "2605"]

1.d4 Nf6 2.c4 e6 3.Nf3 b6 4.Nc3 Bb7 5.a3 Ne4 6.Nxe4 Bxe4 7.e3 c5 8.d5 exd5
9.cxd5 Qf6 10.Be2 Qf5 11.O-O Qxd5 12.Nd2 Bxg2 13.e4 Bxe4 14.Nxe4 Qxe4 15.Bf3 Qg6+
16.Kh1 Nc6 17.Rg1 Qd6 18.Re1+ Kd8 19.Qa4 Rc8 20.Rd1 Nd4 21.Be3 b5 22.Qxa7 Qc7
23.Qxc7+ Rxc7 24.Bxd4 cxd4 25.Rxd4 Bc5 26.Rd2 Re8 27.b4 Bb6 28.Rad1 g6 29.Be2 Bxf2
30.Bxb5 Re1+ 31.Kg2 Rxd1 32.Rxd1 Be3 33.Kf3 Bc1 34.a4 Ba3 35.Rb1 Rc2 36.Rd1 Rc7
37.Rb1 Rc3+ 38.Ke4 Rh3 39.Rd1 f5+ 40.Kf4 Ke7 41.Ke5 Re3+ 42.Kf4 Re4+ 43.Kf3 d6
44.Bc6 Rxb4 45.Rd3 Bb2 46.a5 Rc4 47.Re3+ Be5 48.Bb7 Ra4 49.a6 g5 50.h3 h5
51.Re2 g4+ 52.Kg2 f4 53.Rd2 Ra3  0-1

[Event "Amsterdam zt"]
[Site "Amsterdam"]
[Date "1978.??.??"]
[Round "10"]
[White "Morrison, Graham"]
[Black "Timman, Jan H"]
[Result "0-1"]
[WhiteElo "2230"]
[BlackElo "2585"]

1.e4 e5 2.Nf3 Nc6 3.Bb5 a6 4.Ba4 Nf6 5.O-O Be7 6.Re1 b5 7.Bb3 d6 8.c3 O-O
9.h3 Nb8 10.d4 Nbd7 11.Nbd2 Bb7 12.Bc2 Re8 13.b3 c6 14.a4 Bf8 15.Bb2 g6 16.Nf1 Nh5
17.Ne3 Qc7 18.d5 cxd5 19.exd5 Nf4 20.g3 Nxh3+ 21.Kg2 e4 22.Nd4 Ng5 23.axb5 Ne5
24.bxa6 Rxa6 25.Rxa6 Bxa6 26.c4 Bc8 27.Rh1 Bd7 28.Ne2 Bg7 29.Bd4 f5 30.Nf4 Ngf3
31.Ba1 Qc8 32.g4 Qd8 33.Kf1 Qg5 34.Ne6 Bxe6 35.dxe6 Nxg4 36.Nxg4 fxg4 37.Bxg7 Kxg7
38.Qxd6 h5 39.Qc6 g3  0-1

[Event "Amsterdam zt"]
[Site "Amsterdam"]
[Date "1978.??.??"]
[Round "13"]
[White "Feller, Joseph"]
[Black "Timman, Jan H"]
[Result "0-1"]
[WhiteElo "2225"]
[BlackElo "2585"]

1.e4 d6 2.d4 Nf6 3.Nc3 g6 4.Bg5 Bg7 5.f4 c6 6.Qd2 O-O 7.O-O-O b5 8.e5 b4
9.exf6 bxc3 10.Qxc3 exf6 11.Bh4 Qb6 12.Nf3 Na6 13.Bc4 Nb4 14.Rhe1 Bf5 15.Re2 d5
16.Bb3 Qa6 17.Qd2 Rab8 18.a3 Bxc2 19.Bxc2 Na2+ 20.Kb1 Qxa3 21.b3 Rxb3+ 22.Bxb3 Qxb3+
23.Ka1 Nc3  0-1

[Event "Amsterdam zt"]
[Site "Amsterdam"]
[Date "1978.??.??"]
[Round "14"]
[White "Timman, Jan H"]
[Black "Sosonko, Gennadi"]
[Result "1/2-1/2"]
[WhiteElo "2585"]
[BlackElo "2575"]

1.c4 c5 2.Nf3 Nc6 3.Nc3 Nf6 4.g3 d5 5.cxd5 Nxd5 6.Bg2 g6 7.O-O Bg7 8.Ng5 e6
9.Nge4 Qe7 10.d3 O-O 11.Nxd5 exd5 12.Nc3 d4 13.Nd5 Qd6 14.Bf4  1/2-1/2

[Event "Buenos Aires ol (Men)"]
[Site "Buenos Aires"]
[Date "1978.??.??"]
[Round "?"]
[White "Portisch, Lajos"]
[Black "Timman, Jan H"]
[Result "1-0"]
[WhiteElo "2630"]
[BlackElo "2585"]

1.c4 g6 2.e4 e5 3.d4 Nf6 4.Nf3 Nxe4 5.Bd3 d5 6.O-O Nd6 7.dxe5 Nxc4 8.Bxc4 dxc4
9.Qa4+ c6 10.Rd1 Qc7 11.Qxc4 Be6 12.Qh4 Nd7 13.Nc3 Be7 14.Bg5 Bxg5 15.Qxg5 h6
16.Qe3 Qb6 17.Rd4 O-O-O 18.b4 Qc7 19.Rc1 Kb8 20.a4 Nb6 21.b5 Nd5 22.Nxd5 Bxd5
23.bxc6 Bxc6 24.Rxd8+ Rxd8 25.Nd4 Qd7 26.Rd1 Ka8 27.Rd2 b6 28.a5 Re8 29.axb6 Bb7
30.h3 g5 31.Qa3 a6 32.Qd6 Qa4 33.e6 Qa1+ 34.Kh2 Qf1 35.f3 Qc4 36.e7 Qc8 37.Rc2 Qb8
38.Rc7  1-0

[Event "Buenos Aires ol (Men)"]
[Site "Buenos Aires"]
[Date "1978.??.??"]
[Round "?"]
[White "Garcia Gonzales, Guillermo"]
[Black "Timman, Jan H"]
[Result "1-0"]
[WhiteElo "2535"]
[BlackElo "2585"]

1.c4 Nf6 2.Nc3 e5 3.Nf3 Nc6 4.d3 d5 5.cxd5 Nxd5 6.e3 Be7 7.Be2 O-O 8.O-O Be6
9.Bd2 f5 10.a3 a5 11.Qc2 Nb6 12.b3 Bf6 13.Rab1 Qe7 14.Bc1 g5 15.Na4 g4 16.Nd2 Nd7
17.Re1 Rf7 18.Bb2 Qf8 19.Rbc1 Be7 20.Nc3 Na7 21.d4 exd4 22.exd4 Nb6 23.Bxg4 fxg4
24.Rxe6 Rd8 25.Qe4 Nc6 26.Ne2 Bxa3 27.Bxa3 Qxa3 28.Rc5 Rdf8 29.Rg5+ Kh8 30.Rh5 Nd7
31.Qb1 Rg8 32.d5 Nd8 33.Nc4 Qf8 34.Reh6 Rgg7 35.Nf4 b5 36.Rxh7+ Rxh7 37.Rxh7+ Rxh7
38.Ng6+  1-0

[Event "Buenos Aires ol (Men)"]
[Site "Buenos Aires"]
[Date "1978.??.??"]
[Round "?"]
[White "Chia Chee Seng"]
[Black "Timman, Jan H"]
[Result "0-1"]
[WhiteElo "2200"]
[BlackElo "2585"]

1.d4 Nf6 2.c4 g6 3.Nc3 d5 4.Nf3 Bg7 5.e3 O-O 6.cxd5 Nxd5 7.Bc4 Nxc3 8.bxc3 c5
9.O-O Qc7 10.Qe2 b6 11.Bb2 Nc6 12.Rac1 e5 13.Bd5 Bb7 14.e4 Rae8 15.dxc5 bxc5
16.Rfd1 Rb8 17.Nd2 Na5 18.Nf1 Bh6 19.Rc2 Rfd8 20.Ne3 Bxe3 21.fxe3 c4 22.Rcd2 Qe7
23.Qf2 Bxd5 24.exd5 e4 25.d6 Qe6 26.Ba3 Nc6 27.Qf4 Rd7 28.Rd5 Rb6 29.Qf1 Ne5
30.Rxe5 Qxe5 31.Qxc4 Rb8 32.Qc6 Qb5 33.Qxe4 Qe2 34.Qf3 Qxa2 35.Bc5 Rc8 36.Qd5 Qxd5
37.Rxd5 f5 38.Kf2 Kf7 39.Bb4 Ke6 40.Ra5 Rc6 41.Kf3 Rc4 42.h3 Rb7 43.Ke2 Rc6
44.g4 fxg4 45.hxg4 a6 46.Ra4 Ra7 47.Ra5 Rb7 48.Ra1 Rb5 49.Rd1 Rb8 50.Ra1 Ra8
51.Kd3 a5 52.c4 Rac8 53.Rxa5 Rxc4 54.Ba3 Rxg4 55.Ra7 h5 56.Re7+ Kd5 57.Rc7 Ra8
58.e4+ Rxe4 59.Rc5+ Ke6 60.Kxe4 Ra4+ 61.Kf3 Rxa3+ 62.Ke4 Ra4+ 63.Ke3 Ra3+
64.Ke4 Rg3 65.Rd5 Kd7 66.Rd1 Rg5 67.Rd2 Ra5 68.Rd1 g5 69.Rh1 h4 70.Kf3 Ra3+
71.Kf2 Kxd6 72.Rg1 Ra5 73.Kf3 Ke6 74.Kg4 Kf6 75.Kh5 Rf5 76.Ra1 Rf3 77.Ra6+ Kf5
78.Ra5+ Kf4 79.Rxg5  0-1

[Event "Buenos Aires ol (Men)"]
[Site "Buenos Aires"]
[Date "1978.??.??"]
[Round "?"]
[White "Radulov, Ivan"]
[Black "Timman, Jan H"]
[Result "0-1"]
[WhiteElo "2490"]
[BlackElo "2585"]

1.e4 d6 2.d4 Nf6 3.Nc3 g6 4.Nf3 Bg7 5.h3 O-O 6.Be3 b6 7.Be2 Bb7 8.e5 dxe5
9.dxe5 Nd5 10.Nxd5 Qxd5 11.Qxd5 Bxd5 12.O-O-O e6 13.Rhe1 Nd7 14.c4 Bc6 15.Bf4 Nc5
16.b4 Ne4 17.Nd4 Ba4 18.Bf3 Bxd1 19.Bxe4 Ba4 20.Bxa8 Rxa8 21.b5 a6 22.Kb2 Bf8
23.Kc3 h6 24.Be3 Kg7 25.Rb1 axb5 26.cxb5 Rd8 27.f4 Rd5 28.Kc4 Bc5 29.h4 h5
30.Bf2 Bc2 31.Re1 Kf8 32.Re2 Ba4 33.Rb2 Ke8 34.Rb1 Bc2 35.Re1 Be7 36.Kc3 Ba4
37.Rb1 Bc5 38.Kc4 Kd7 39.Be3 c6 40.bxc6+ Bxc6 41.g3 b5+ 42.Kc3 b4+ 43.Kc4 Bb7
44.Rd1 Be7 45.Kb3 Rc5 46.Kb2 Bd5 47.Rc1 Rxc1 48.Bxc1 Bc4 49.Be3 Kc7 50.Bf2 Kb7
51.Be3 Bc5 52.Bf2 Kb6 53.Be3 Bd5 54.Bf2 Ka6 55.Be3 Be7 56.Bf2 Ka5 57.Be1 Ka4
58.Bf2 Bf8 59.Be3 Bg7 60.Bf2 f6 61.exf6 Bxf6 62.Be3 e5 63.fxe5 Bxe5 64.Bf2 Be4
65.Kc1 Ka3 66.Nb5+ Kxa2 67.Be1 Bd3 68.Bxb4 Bxb5 69.Be1 Kb3 70.Kd1 Bc3 71.Bf2 Bd3
72.Be3 Kc4  0-1

[Event "Buenos Aires ol (Men)"]
[Site "Buenos Aires"]
[Date "1978.??.??"]
[Round "?"]
[White "Spassky, Boris V"]
[Black "Timman, Jan H"]
[Result "1/2-1/2"]
[WhiteElo "2630"]
[BlackElo "2585"]

1.e4 c5 2.Nc3 Nc6 3.g3 g6 4.Bg2 Bg7 5.d3 d6 6.f4 e5 7.Nh3 Nge7 8.O-O Nd4
9.Rf2 h6 10.Be3 exf4 11.Nxf4 O-O 12.Qd2 f5 13.Raf1 Kh7 14.Ncd5 fxe4 15.Bxe4 Bf5
16.c3 Ndc6 17.Bxf5 Rxf5 18.Nxe7 Nxe7 19.g4 Rf6 20.d4 Qc8 21.h3 b5 22.Qd3 Qc6
23.d5 Qb7 24.b3 Rxf4 25.Bxf4 Nxd5 26.Bxd6 Qc6 27.Bf8 Bf6 28.c4  1/2-1/2

[Event "Buenos Aires ol (Men)"]
[Site "Buenos Aires"]
[Date "1978.??.??"]
[Round "?"]
[White "Timman, Jan H"]
[Black "Garcia Gonzales, Guillermo"]
[Result "1/2-1/2"]
[WhiteElo "2585"]
[BlackElo "2535"]

1.d4 Nf6 2.c4 c5 3.d5 e6 4.Nc3 exd5 5.cxd5 d6 6.e4 g6 7.Nf3 Bg7 8.Bg5 h6
9.Bh4 a6 10.Nd2 b5 11.Be2 O-O 12.Qc2 Re8 13.O-O Nbd7 14.a4 b4 15.Nd1 Qe7
16.Ne3 Nf8 17.Nec4 g5 18.Bg3 Nxe4 19.Nxe4 Qxe4 20.Bd3 Qxd5 21.Rad1 Bd4 22.Nxd6 Bb7
23.Nxb7 Qxb7 24.Bc4 Ra7 25.b3 Qb6 26.Kh1 Qg6 27.Bd3 Qf6 28.Rde1 Rae7 29.Rxe7 Rxe7
30.Qc4 a5 31.Qb5 h5 32.h3 h4 33.Bh2 Be5 34.Bxe5 Rxe5 35.Bc4 Qd8 36.f4 gxf4
37.Qb7 Ne6 38.Bxe6 Rxe6 39.Rxf4 Re7 40.Qc6 Re1+ 41.Kh2 Qe7 42.Qc8+ Kh7 43.Qg4 Re5
44.Qxh4+ Qxh4 45.Rxh4+ Kg6 46.Rc4 Kf6 47.Kg3 Ke6 48.Kf4 Kd6 49.h4 Re2 50.h5 Rxg2
51.Kf5 Rh2 52.Kg5 Rg2+ 53.Kf6 Rh2 54.Kg5 Rg2+ 55.Kf6 Rh2 56.Kg5 Rh3 57.h6 f6+
58.Kg6 Rg3+ 59.Kf7 Rh3 60.Kg7 Rg3+ 61.Kf7 Rh3 62.Kg6 Rg3+ 63.Kxf6 Rxb3 64.Rh4 Rf3+
65.Kg7 Rg3+  1/2-1/2

[Event "Buenos Aires ol (Men)"]
[Site "Buenos Aires"]
[Date "1978.??.??"]
[Round "?"]
[White "Timman, Jan H"]
[Black "Gligoric, Svetozar"]
[Result "1/2-1/2"]
[WhiteElo "2585"]
[BlackElo "2565"]

1.d4 d5 2.c4 e6 3.Nc3 c5 4.cxd5 exd5 5.Nf3 Nc6 6.g3 Nf6 7.Bg2 Be7 8.O-O O-O
9.Bg5 cxd4 10.Nxd4 h6 11.Be3 Re8 12.Rc1 Bf8 13.Nxc6 bxc6 14.Na4 Qa5 15.b3 Qb5
16.Qc2 Bd7 17.Nc3 Qb4 18.Rcd1 Qg4 19.Bd4 Bf5 20.Qc1 Qg6 21.Rfe1 Ne4 22.Nxe4 Bxe4
23.Bxe4 Rxe4 24.Bc5  1/2-1/2

[Event "NLD-ch"]
[Site "Leeuwarden"]
[Date "1978.??.??"]
[Round "3"]
[White "Timman, Jan H"]
[Black "Ligterink, Gert"]
[Result "1/2-1/2"]
[WhiteElo "2585"]
[BlackElo "2440"]

1.e4 c5 2.Nf3 e6 3.d4 cxd4 4.Nxd4 Nf6 5.Nc3 d6 6.g4 h6 7.g5 hxg5 8.Bxg5 Nc6
9.Qd2 a6 10.O-O-O Qb6 11.Nb3 Qc7 12.f4 b5 13.Bg2 Bb7 14.h4 O-O-O 15.f5 Kb8
16.fxe6 fxe6 17.Nd4 Nxd4 18.Qxd4 Be7 19.Bh3 e5 20.Qe3 b4 21.Nd5 Nxd5 22.exd5 Bxg5
23.hxg5 Qa5 24.Qe4 Rhf8 25.Rhf1 Rxf1 26.Bxf1 Rf8 27.Qg6 Qc7 28.Bc4 Ka7 29.b3 Bc8
30.Rf1 Rxf1+ 31.Bxf1 Bb7 32.Bc4 a5 33.Qe8 Qc5 34.Qd7 Qe3+ 35.Kb1  1/2-1/2

[Event "NLD-ch"]
[Site "Leeuwarden"]
[Date "1978.??.??"]
[Round "7"]
[White "Timman, Jan H"]
[Black "Baljon, Christofoor"]
[Result "1-0"]
[WhiteElo "2585"]
[BlackElo "2220"]

1.e4 c5 2.Nc3 d6 3.f4 Nc6 4.Nf3 g6 5.Bc4 Bg7 6.O-O e6 7.f5 exf5 8.d3 Nf6
9.Qe1 O-O 10.Qh4 Nd4 11.Bg5 Be6 12.Nxd4 cxd4 13.exf5 dxc3 14.fxe6 d5 15.e7 Qxe7
16.Bb3 cxb2 17.Rae1 Qc5+ 18.d4 Qb4 19.Bxf6 Bxf6 20.Qxf6 Rad8 21.h4 Rd6 22.Qf4 Re6
23.Re5 a5 24.c3 Qxc3  1-0

[Event "NLD-ch"]
[Site "Leeuwarden"]
[Date "1978.??.??"]
[Round "12"]
[White "Bohm, Hans"]
[Black "Timman, Jan H"]
[Result "1/2-1/2"]
[WhiteElo "2410"]
[BlackElo "2585"]

1.e4 e5 2.Nf3 Nc6 3.Bc4 Nf6 4.d3 Be7 5.Nc3 d6 6.a3 Bg4 7.h3 Bh5 8.Be3 Nd7
9.Nd5 Nb6 10.Nxb6 axb6 11.Qd2 Bxf3 12.gxf3  1/2-1/2

[Event "Lone Pine op"]
[Site "Lone Pine"]
[Date "1978.??.??"]
[Round "3"]
[White "Timman, Jan H"]
[Black "Balshan, Amikam"]
[Result "1-0"]
[WhiteElo "2585"]
[BlackElo "2415"]

1.e4 e5 2.Nf3 Nc6 3.Bb5 a6 4.Ba4 Nf6 5.O-O Be7 6.d4 exd4 7.Re1 b5 8.e5 Nd5
9.Bb3 Nb6 10.Nxd4 Nxd4 11.Qxd4 c5 12.Qg4 c4 13.Qxg7 Rf8 14.Bh6 Bc5 15.Nd2 Bb7
16.Ne4 Bxe4 17.Rxe4 Qc7 18.Qxh7 O-O-O 19.Bxf8 Rxf8 20.c3 cxb3 21.axb3 Kb7
22.b4 Be7 23.Rd1 Qc6 24.Red4 Kc7 25.Qe4 f5 26.exf6 Qxe4 27.Rxe4 Bxf6 28.Rf4 Na4
29.b3 Nxc3 30.Rc1 Re8 31.Rxf6 Kb7 32.Kf1  1-0

[Event "Lone Pine op"]
[Site "Lone Pine"]
[Date "1978.??.??"]
[Round "4"]
[White "Bisguier, Arthur Bernard"]
[Black "Timman, Jan H"]
[Result "1/2-1/2"]
[WhiteElo "2435"]
[BlackElo "2585"]

1.e4 d6 2.f4 Nf6 3.Nc3 g6 4.Nf3 Bg7 5.d4 O-O 6.Bd3 Nc6 7.O-O e5 8.fxe5 dxe5
9.d5 Ne7 10.Nxe5 Nxe4 11.Bxe4 Bxe5 12.Bf4 Bxf4 13.Rxf4 Nf5 14.Bxf5 Bxf5 15.Qd2 Qd6
16.Raf1 Rae8 17.Kh1 Qe5 18.Qf2 Qe3 19.g4 Qxf2 20.R1xf2 Bd7 21.Ne4 f5 22.Nc5 Bc8
23.gxf5 Rxf5 24.Rxf5 Bxf5 25.Rd2 Bc8 26.Kg2 b6 27.Nb3 Kg7 28.Nd4 Bd7 29.c4 a5
30.c5  1/2-1/2

[Event "Lone Pine op"]
[Site "Lone Pine"]
[Date "1978.??.??"]
[Round "8"]
[White "Mestel, A Jonathan"]
[Black "Timman, Jan H"]
[Result "1/2-1/2"]
[WhiteElo "2450"]
[BlackElo "2585"]

1.e4 c5 2.Nf3 d6 3.d4 cxd4 4.Nxd4 Nf6 5.Nc3 Nc6 6.g3 Bg4 7.f3 Bd7 8.Be3 e6
9.g4 h6 10.h4 a6 11.Rg1 b5 12.g5 Nh5 13.Qd2 Rb8 14.O-O-O hxg5 15.hxg5 Nxd4
16.Qxd4 b4 17.Nb1 e5 18.Qd5 Qc7 19.Bxa6 Be7 20.Qd3 g6 21.Bc4 O-O 22.Nd2 Rfc8
23.Qb3 Be8 24.Rh1 Kg7 25.f4 exf4 26.Bd4+ Kf8 27.Rxh5 gxh5 28.Rh1 Bxg5 29.Rxh5 Qd8
30.Qh3 Rc5 31.Bxc5 dxc5 32.Qf5 Bf6 33.e5 Bg7 34.Nf3 Rb6 35.e6 Rd6 36.Bd5 f6
37.Rg5 Rxd5 38.Qxd5 Qxd5 39.Rxd5 Bc6 40.Rd8+ Ke7 41.Rg8 Bh6 42.Rg6 Bf8 43.Nd2 Kxe6
44.Rg1 Bd5 45.b3 Bd6 46.Kd1  1/2-1/2

[Event "Lone Pine op"]
[Site "Lone Pine"]
[Date "1978.??.??"]
[Round "9"]
[White "Timman, Jan H"]
[Black "Angantysson, Haukur"]
[Result "1-0"]
[WhiteElo "2585"]
[BlackElo "2350"]

1.d4 Nf6 2.c4 e6 3.Nc3 Bb4 4.Bg5 c5 5.d5 d6 6.e3 h6 7.Bh4 O-O 8.Bd3 exd5
9.cxd5 Qe7 10.Ne2 Nbd7 11.O-O Ne5 12.Qb1 g5 13.Bg3 Nxd3 14.Qxd3 Ng4 15.h3 Ne5
16.Bxe5 Qxe5 17.f4 c4 18.Qd2 gxf4 19.Rxf4 Bf5 20.Rxc4 Bc5 21.Nd4 Bg6 22.Re1 Rae8
23.e4 f5 24.Rxc5 dxc5 25.Ne6 Rf7 26.exf5 Qxf5 27.Ne4 Rxe6 28.dxe6 Qxe6 29.Qxh6 Qf5
30.Re3 Qf1+ 31.Kh2 Qf4+ 32.Qxf4 Rxf4 33.Nxc5 b6 34.Nd3 Rd4 35.Rg3 Kh7 36.Ne5 Be4
37.Rg4 Ra4 38.b3 Rd4 39.Nf3 Rb4 40.Rxe4  1-0

[Event "Niksic"]
[Site "Niksic"]
[Date "1978.??.??"]
[Round "1"]
[White "Uhlmann, Wolfgang"]
[Black "Timman, Jan H"]
[Result "1/2-1/2"]
[WhiteElo "2575"]
[BlackElo "2585"]

1.c4 g6 2.e4 e5 3.g3 Bg7 4.Bg2 Nc6 5.d3 d6 6.Nc3 Nge7 7.Nge2 O-O 8.O-O f5
9.Nd5 Be6 10.Be3 Qd7 11.Qd2 Rf7 12.Rac1 Raf8 13.b4 Nc8 14.b5 Nd8 15.d4 c6
16.dxe5 dxe5 17.exf5 gxf5 18.f4 e4 19.Rfd1 Qe8 20.b6 axb6 21.Nxb6 Nxb6 22.Bxb6 Rd7
23.Qa5 Rxd1+ 24.Rxd1 Qh5 25.Rd2 Bxc4 26.Nc3 Nf7 27.Nxe4 Re8 28.Bf2 b6 29.Bxb6 Bb5
30.Nc3 Re1+ 31.Kf2 Bxc3 32.Qxc3 Re2+ 33.Kg1 Re1+  1/2-1/2